Le Grand livre D"ARDUINO (Record no. 59999)
[ view plain ]
| 000 -LEADER | |
|---|---|
| fixed length control field | 00675nam a22002297a 4500 |
| 005 - DATE AND TIME OF LATEST TRANSACTION | |
| control field | 20200220104431.0 |
| 008 - FIXED-LENGTH DATA ELEMENTS--GENERAL INFORMATION | |
| fixed length control field | 200220b ||||| |||| 00| 0 eng d |
| 020 ## - INTERNATIONAL STANDARD BOOK NUMBER | |
| International Standard Book Number | 978-2-212-67488-0 |
| 040 ## - CATALOGING SOURCE | |
| Original cataloging agency | BUAC |
| Transcribing agency | BUC |
| 041 ## - LANGUAGE CODE | |
| Language code of text/sound track or separate title | Fre |
| 100 ## - MAIN ENTRY--PERSONAL NAME | |
| Personal name | Bartmann, Eric |
| 245 ## - TITLE STATEMENT | |
| Title | Le Grand livre D"ARDUINO |
| Statement of responsibility, etc | / par Erik Bartmann |
| 250 ## - EDITION STATEMENT | |
| Edition statement | 3è éd. |
| 260 ## - PUBLICATION, DISTRIBUTION, ETC. (IMPRINT) | |
| Place of publication, distribution, etc | Paris : |
| Name of publisher, distributor, etc | Editions Eyrolles, |
| Date of publication, distribution, etc | 2018 |
| 300 ## - PHYSICAL DESCRIPTION | |
| Extent | 503 p |
| Other physical details | Couv. ill.en coul.: |
| Dimensions | 23 cm. |
| 500 ## - GENERAL NOTE | |
| General note | Index. pp.( 499 - 503) |
| 630 ## - SUBJECT ADDED ENTRY--UNIFORM TITLE | |
| Uniform title | GENERALITE- CULTURE-SAVOIR |
| 650 ## - SUBJECT ADDED ENTRY--TOPICAL TERM | |
| Topical term or geographic name as entry element | INFORMATIQUE |
| 651 ## - SUBJECT ADDED ENTRY--GEOGRAPHIC NAME | |
| Geographic name | INTELLIGENCE ARTIFICIELLE |
| 651 ## - SUBJECT ADDED ENTRY--GEOGRAPHIC NAME | |
| Geographic name | Electronique : montage : Robot (D'ARDUINO) |
| 942 ## - ADDED ENTRY ELEMENTS (KOHA) | |
| Source of classification or shelving scheme | Dewey Decimal Classification |
| Item type | Libre Accès |
| Withdrawn status | Lost status | Source of classification or shelving scheme | Damaged status | Not for loan | Location (home branch) | Sublocation or collection (holding branch) | Date acquired | Source of acquisition | Coded location qualifier | Koha issues (times borrowed) | Koha full call number | Piece designation (barcode) | Koha date last seen | Copy number | Price effective from | Koha item type |
|---|---|---|---|---|---|---|---|---|---|---|---|---|---|---|---|---|
| Dewey Decimal Classification | Bibliothèque Universitaire Centrale | Bibliothèque Universitaire Centrale | 20/02/2020 | DON ARES | 18/876 | 621.395 BAR | 18-876Buc | 20/02/2020 | 1 | 20/02/2020 | Libre Accès |